| 000 | 01348cam a22003975i 4500 | ||
|---|---|---|---|
| 999 |
_c200431340 _d49552 |
||
| 001 | 20391751 | ||
| 003 | TR-AnTOB | ||
| 005 | 20210402160033.0 | ||
| 007 | ta | ||
| 008 | 180309s2017 tu a b 001 0 tur c | ||
| 010 | _a 2017404469 | ||
| 020 | _a9789751633422 | ||
| 020 | _a9751633427 | ||
| 035 | _a(OCoLC)on1015206314 | ||
| 040 |
_aPUL _beng _erda _cPUL _dOCLCO _dOCLCF _dDLC _dTR-AnTOB |
||
| 041 | 0 | _atur | |
| 042 |
_apcc _alcode |
||
| 043 | _aa-tu--- | ||
| 050 |
_aCJ3449.M37 _bU95 2017 |
||
| 090 |
_aCJ 3449.M37 _bU95 2017 |
||
| 100 | 1 |
_aUykur, Ramazan _eauthor _9114029 |
|
| 245 | 1 | 0 |
_aMadenden yansıyan tarih : _bArtuklu sikkeleri / _cYrd. Doç. Dr. Ramazan Uykur. |
| 246 | 3 | 0 | _aArtuklu sikkeleri |
| 250 | _aBirinci baskı. | ||
| 264 | 1 |
_aBalgat, Ankara : _bAtatürk Kültür Merkezi Başkanlığı, _c2017. |
|
| 300 |
_axii, 372 pages: _billustrations ; _c25 cm. |
||
| 336 |
_atext _btxt _2rdacontent |
||
| 337 |
_aunmediated _bn _2rdamedia |
||
| 338 |
_avolume _bnc _2rdacarrier |
||
| 490 | 0 |
_aAtatürk Kültür Merkezi Başkanlığı ; _vkurum yayın no: 485. _aAraştırma-inceleme dizisi ; _v136 |
|
| 504 | _aIncludes bibliographical references (pages 291-306) and index. | ||
| 650 | 7 |
_aİslami sikkeler _zTürkiye _2etuturkob _9122450 |
|
| 650 | 7 |
_aSikkeler, Türk _2etuturkob _911715 |
|
| 942 |
_2lcc _cBK |
||